<?xml version="1.0" encoding="UTF-8"?>
<collection xmlns="http://www.loc.gov/MARC21/slim">
  <record>
    <leader>00000nam  2200000   4500</leader>
    <controlfield tag="001">INLIS000000000053761</controlfield>
    <controlfield tag="005">20200313013907</controlfield>
    <datafield tag="035" ind1="#" ind2="#">
      <subfield code="a">0010-0219000018</subfield>
    </datafield>
    <controlfield tag="007">ta</controlfield>
    <controlfield tag="008">200313################g##########0#ind##</controlfield>
    <datafield tag="020" ind1="#" ind2="#">
      <subfield code="a">978-602-966-750-9</subfield>
    </datafield>
    <datafield tag="082" ind1="#" ind2="#">
      <subfield code="a">297.1</subfield>
    </datafield>
    <datafield tag="084" ind1="#" ind2="#">
      <subfield code="a">297.1 ABU c</subfield>
    </datafield>
    <datafield tag="100" ind1=" " ind2="#">
      <subfield code="a">Abu Hurri Al-Qosimi  Al-hafizh</subfield>
    </datafield>
    <datafield tag="245" ind1="1" ind2="#">
      <subfield code="a">Cepat dan Kuat Hafal Juz 'Amma Metode Al-Qosimi :</subfield>
      <subfield code="b">Cocok lembaga digunakan pribadi maupun lembaga pendidikan ( Guru dan Murid ) /</subfield>
      <subfield code="c">Abu Hurri Al-Qosimi Al-hafizh; Editor, Toni cs</subfield>
    </datafield>
    <datafield tag="260" ind1="#" ind2="#">
      <subfield code="a">Solo :</subfield>
      <subfield code="b">Al-Hurri,</subfield>
      <subfield code="c">2010</subfield>
    </datafield>
    <datafield tag="300" ind1="#" ind2="#">
      <subfield code="a">184 hlm. ;</subfield>
      <subfield code="c">14,5 x 20, 5 cmj</subfield>
    </datafield>
    <datafield tag="650" ind1="#" ind2="4">
      <subfield code="a">Al-Qur'an-JuzAmma</subfield>
    </datafield>
    <datafield tag="250" ind1="#" ind2="#">
      <subfield code="a">Cet. 1</subfield>
    </datafield>
    <datafield tag="990" ind1="#" ind2="#">
      <subfield code="a">31800226</subfield>
    </datafield>
  </record>
</collection>
